00764nam a2200193 i 450000100060000000300090000600500170001500700030003200800410003510000390007624501670011526000340028230000220031660000270033870000440036585200220040999900170043195201220044823460ES-MaACL20250820051412.0t|021210s1968 sp ||||1| spa d1 aAlvarez Herrera, Félix M.92083913aLa Madre del sumo y eterno sacerdote: bsu cooperación del todo singular a la obra del Salvador / cFélix M. Álvarez Herrera ; prólogo del cardenal Cento. aBarcelona : bHerder, c1968. a395 p. ; c18 cm.04aVirgen María91154361 aCento, Ferdinando, cCardinale.9171421 aES-MaACLjC-34487 c23460d23460 00104070aATENEOMbATENEOMcDEPO2d2008-01-17eSCl0oC-34487p1024172r2023-02-23 00:00:00w2023-02-23yMONOGRAFIA